000 00513nam a2200169 i 4500
001 31306
003 ES-MaACL
005 20230906154344.0
007 t|
008 030128s1967 sp ||||1| spa d
100 1 _aBekker, Cajus.
_927104
245 1 0 _aGuerra en tinieblas /
_cCajus Bekker ; [traducción de José Patricio Montojo].
260 _aMadrid :
_bFermín Uriarte,
_c1967.
300 _a282 p., 10 lám. ;
_c22 cm.
700 1 _aMontojo, José Patricio.
_982669
852 _aES-MaACL
_jC-34644
_bR.67460
999 _c31306
_d31306